000
00325nam a2200145Ia 4500
100
_a
Jamsa/Kris
942
_c
BK
654
_a
DOS complete reference
245
_a
DOS :Complete Reference
260
_b
Osborne Mc graw Hill
_a
California
_c
1993
082
_a
5.43
_b
PAN
300
_a
1121
546
_a
ENGLISH
999
_c
33956
_d
33956